LEADER 01390nam a2200325 a 4500 001 000000124835 003 CaOOAMICUS 005 20110325144332.0 008 110325s2011 it u000 u ita r 020 $a978-88-598-0115-3 040 $aPUL$bita 082 04$a346.45 100 1 $aSella, Mauro.$0(OLS)http://pul/name/71313 245 12$aI nuovi illeciti :$bdanni patrimoniali e non patrimoniali /$cMauro Sella. 260 $aTorino :$bUTET Giuridica ;$aMilanofiori Assago :$bWolters Kluwer,$cİ2011. 300 $aXVI, 552 p. ;$c25 cm. 490 1 $aSistemi giuridici 500 $aInclude indice. 504 $aBibliografia p. 539-548. 650 4$aDiritto privato$zItalia.$0(OLS)http://pul/subject/1235 830 0$aSistemi giuridici.$0(OLS)http://pul/title/155875 850 $aPUL 852 $aPUL$W1$xSL Diritto e Scienze Sociali 3$y79$m340 CENPA 1.3$j143755$qDDC 21$B142768$CPULBib$Z2$F142768 $H116474 $82 941 1 $a9 996 $6020$a978-88-598-0115-3$9(OLS)http://pul/number/146786 996 $6082$a346.45$9(OLS)http://pul/classification/372 996 $6245$aI nuovi illeciti :$bdanni patrimoniali e non patrimoniali$9(OLS)http://pul/title/157390 996 $6260$aTorino :$bUTET Giuridica$9(OLS)http://pul/publisher/79191 996 $6260$aMilanofiori Assago :$bWolters Kluwer$9(OLS)http://pul/publisher/81463 LEADER 01392nam a2200349 a 4500 001 000000141817 003 CaOOAMICUS 005 20150217101943.0 008 150217s2014 it u000 u ita r 020 $a978-88-6411-290-9 040 $aPUL$bita 041 0 $aita$heng 082 04$a291.172 100 1 $aHick, John.$0(OLS)http://pul/name/39776 240 10$aGod has many names.lItaliano.$0(OLS)http://pul/title/179485 245 10$aDio ha molti nomi /$cJohn Hick ; traduzione di Michele Zurlo. 260 $aRoma :$bFazi,$cİ2014. 300 $aXI, 139 p. ;$c22 cm 490 1 $aCampo dei fiori ;$v34 504 $aBibliografia nelle note. 650 4$aPluralismo religioso e globalizzazione.$0(OLS)http://pul/subject/33184 650 4$aDialogo interreligioso.$0(OLS)http://pul/subject/33329 700 1 $aZurlo, Michele.$0(OLS)http://pul/name/91315 830 0$aCampo dei fiori ;$v34.$0(OLS)http://pul/title/179487 850 $aPUL 852 $aPUL$W1$xSL Religione 3$y85$m291. 172 HICJO 1$j163676$qDDC 21$B163685$CPULBib$Z2$F163685 $H125407 $82 941 1 $a9 996 $6020$a978-88-6411-290-9$9(OLS)http://pul/number/156986 996 $6082$a291.172$9(OLS)http://pul/classification/2736 996 $6245$aDio ha molti nomi$9(OLS)http://pul/title/179486 996 $6260$aRoma :$bFazi$9(OLS)http://pul/publisher/76159